000 01305cam a2200325 a 4500
999 _c965
_d965
001 12524468
003 GZU
005 20200917103208.0
008 010904s2002 mauab b 001 0 eng
010 _a 2001044905
020 _a0072418109 (acidfree paper)
040 _aDLC
_cDLC
_dDLC
043 _an-us-ca
050 0 0 _aF861
_b.RIC 2002
100 1 _aRice, Richard B.
_eauthor
245 1 4 _aThe elusive Eden :
_ba new history of California /
_cRichard B. Rice, William A. Bullough, Richard J. Orsi.
250 _a3rd ed.
260 _aBoston :
_bMcGraw-Hill,
_cc2002.
300 _axxi, 696 p. :
_bill., maps ;
_c23 cm.
500 _aIncludes bibliographical references (p. 666-671) and index.
504 _aIncludes bibliographical references (p. 666-671) and index.
651 0 _aCalifornia
_xHistory.
700 1 _aBullough, William A.,
_d1933-
_eauthor
700 1 _aOrsi, Richard J.
_eauthor
856 4 2 _3Publisher description
_uhttp://www.loc.gov/catdir/description/mh021/2001044905.html
856 4 1 _3Table of contents
_uhttp://www.loc.gov/catdir/toc/mh021/2001044905.html
856 4 2 _3Contributor biographical information
_uhttp://www.loc.gov/catdir/enhancements/fy0737/2001044905-b.html
906 _a7
_bcbc
_corignew
_d1
_eocip
_f20
_gy-gencatlg
942 _2lcc
_cBK
_e3rd ed.
_h861
_iRIC
_kF